Statistics for APUSH Period 1

Click here to take the quiz!

General Stats

  • This quiz has been taken 13 times
  • The average score is 3 of 33

Answer Stats

Answer% Correct
encomienda
55%
Christopher Columbus
45%
Columbian exchange
36%
Cahokia
27%
Spanish
27%
bartolome
18%
Aztecs
9%
Black legend
9%
French
9%
fur trade
9%
pueblo revolt
9%
sugar
9%
Three Sisters
9%
95 Thesis
0%
Catholicism
0%
Christian Liberty
0%
conquistadores
0%
Coverture
0%
creoles
0%
hacienda
0%
horses
0%
Mali
0%
Martin Luther
0%
mercantilism
0%
Mestizos
0%
Metis
0%
Portuguese
0%
Protestantism
0%
Pueblo indians
0%
quebec
0%
repartimiento
0%
tenochtitlan
0%
transatlantic slave trade
0%

Score Distribution

Percentile by Number Answered

Percent of People with Each Score

Your Score History

You have not taken this quiz